000 00336nam a2200145Ia 4500
008 100122s9999 xx 000 0 und d
082 _b5107
_a823
100 _aशिखरे दा न
245 _aजिवलग
260 _c1924
300 _a50
630 _aजिवलग
730 _aजिवलग
942 _cBOOK
999 _c398470
_d398467